Мы вернемся осенью: повести

Détails bibliographiques
Auteur principal: Кузнецов В. В. Валерий Вениаминович
Autres auteurs: Бельмач Е. А. (иллюстратор)
Résumé:Исключено из фонда НТБ ТПУ
Langue:russe
Publié: Красноярск, Красноярское книжное издательство, 1986
Format: Livre
KOHA link:https://koha.lib.tpu.ru/cgi-bin/koha/opac-detail.pl?biblionumber=142752

MARC

LEADER 00000nam0a2200000 4500
001 142752
005 20231031142848.0
035 |a (RuTPU)RU\TPU\book\154703 
090 |a 142752 
100 |a 20080911d1986 m y0rusy50 ca 
101 0 |a rus 
102 |a RU 
105 |a a z 000ay 
200 1 |a Мы вернемся осенью  |e повести  |f В. В. Кузнецов  |g худож. Е. А. Бельмач 
210 |a Красноярск  |c Красноярское книжное издательство  |d 1986 
215 |a 231 с.  |c портр., ил. 
333 |a Исключено из фонда НТБ ТПУ 
700 1 |a Кузнецов  |b В. В.  |g Валерий Вениаминович 
702 1 |a Бельмач  |b Е. А.  |4 440 
801 1 |a RU  |b 63413507  |c 20080911  |g PSBO 
801 2 |a RU  |b 63413507  |c 20220602  |g RCR 
942 |c BK